| 000 | 00442cam a2200181ua 4500 | ||
|---|---|---|---|
| 020 | _c175.00 | ||
| 041 |
_aeng _h |
||
| 082 |
_a658.514 _bCHA/EN |
||
| 100 | _aChauhan, A.S . | ||
| 245 |
_aEngineering management / _cA.S Chauhan. _hTextual Documents |
||
| 260 |
_aNew Delhi : _bJain Brothers , _c2008. |
||
| 300 | _a ; . | ||
| 365 | _a175.00 | ||
| 504 | _a | ||
| 700 | 1 | _aVaishwanar, R.S . | |
| 942 | _cBK | ||
| 999 |
_c13407 _d13407 |
||